00463nam a2200169 a 450000500170000000800410001702000180005805000220007610000210009824500350011925000120015426000580016630000260022452100090025065000160025970000180027520140310183433.0080114s19uu xx 00 eng d a9780132408042 aHD 31b.R632 2007 aRobbins, Stephen aManagement /cStephen Robbins. a9th ed. aNew Jersey :bPearson Education International,c2007. a768 p. :cill. col. ; aBSBA aManagement. aCoulter, Mary